| 000 | 01514nam a2200289 a 4500 | ||
|---|---|---|---|
| 008 | 190716s2015 ||||||||||||||||| || u | ||
| 020 | _a9781118319222 | ||
| 050 | _aTA 403 Cal | ||
| 100 | _aCallister, William D | ||
| 245 | 1 | 0 |
_aMaterials science and engineering.(9th edition) _cWilliam D. Callister, Jr amd David G. Rethwisch |
| 250 | _a9th edition | ||
| 260 |
_aHoboken _bJohn Wiley & Sons _c2015 |
||
| 260 |
_aHoboken _bWiley _c2015 |
||
| 300 | _axxiii, 905 pages : illustrations | ||
| 337 | _aunmediated | ||
| 338 |
_avolume _2rdacarrier |
||
| 350 | _a80.00 | ||
| 650 | 0 | _aMATERIALS | |
| 650 | 0 | _aMATERIALS SCIENCE | |
| 700 | _aRethwisch, David G | ||
| 995 |
_aMAIN LIBRARY OPEN ACCESS _e749442 _FCBU-MAIN LIBRARY (Kitwe) _I80.00 _jTA 403 Cal _M1 _UAVAILABLE _WJul 16, 2019 _y749442 _ZMain Library Open Access Collection |
||
| 995 |
_aMAIN LIBRARY OPEN ACCESS _e749440 _FCBU-MAIN LIBRARY (Kitwe) _I80.00 _jTA 403 Cal _M4 _UAVAILABLE _WJul 16, 2019 _y749440 _ZMain Library Open Access Collection |
||
| 995 |
_aMAIN LIBRARY OPEN ACCESS _e749441 _FCBU-MAIN LIBRARY (Kitwe) _I80.00 _jTA 403 Cal _M3 _UAVAILABLE _WJul 16, 2019 _y749441 _ZMain Library Open Access Collection |
||
| 995 |
_aSHORT LOAN BOOKS _e750063 _FCBU-MAIN LIBRARY (Kitwe) _I80.00 _jTA 403 Cal _M5 _UAVAILABLE _WNov 26, 2019 _y750063 _ZShort Loan Collection |
||
| 995 |
_aMAIN LIBRARY OPEN ACCESS _e749439 _FCBU-MAIN LIBRARY (Kitwe) _I80.00 _jTA 403 Cal _M2 _UAVAILABLE _WJul 16, 2019 _y749439 _ZMain Library Open Access Collection |
||
| 999 |
_c82716 _d82716 |
||